Language Quiz

Random Language or Spanish Quiz

Spanish Nouns by Consonant: L & Ll Quiz Stats

 Plays Quiz not verified by Sporcle

Also try: Animal Bunker II
Challenge
Share
Tweet
Score 0/12 Timer 04:00
0 Plays Today
% Correct
Lobo (Wolf)
98.2%
Leche (Milk)
96.4%
Libro (Book)
92.9%
Llave (Key)
91.1%
Lago (Lake)
87.5%
Lechuga (Lettuce)
85.7%
Langosta (Lobster)
83.9%
Lagarto (Lizard)
78.6%
Leña (Firewood)
69.6%
Llanta (Tire)
67.9%
Lana (Wool)
64.3%
Liebre (Hare)
57.1%

You're not logged in!

Compare scores with friends on all Sporcle quizzes.
Join for Free
OR
Log In

You Might Also Like...

Show Comments

Extras

Top Quizzes Today


Score Distribution

Your Account Isn't Verified!

In order to create a playlist on Sporcle, you need to verify the email address you used during registration. Go to your Sporcle Settings to finish the process.

Report this User

Report this user for behavior that violates our Community Guidelines.

Details: